| 000 | 00800cgm a2200217 4500 | ||
|---|---|---|---|
| 001 | B3147 | ||
| 008 | 090401t1986 xxu||||| |||| 00| 0 eng d | ||
| 035 | _a(Sirsi) u54307 | ||
| 041 | _aeng | ||
| 050 | _a347.41067 | ||
| 100 | _aClipston, Stephen | ||
| 245 | 4 | _aThe expert witness (sound recording) | |
| 260 |
_aLondon _bRoyal Institution of Chartered Surveyors _c1986 |
||
| 300 | _a1 sound cassette (60 min.) | ||
| 350 | _a10 | ||
| 490 | _aOwlion Audio Programme | ||
| 520 | _aPublished jointly with the College of Estate Management . This programme identifies those factors that are essential for the expert witness and by `right and wrong` illustrations indicates the means by which evidence can be made most effective. | ||
| 650 | _aAUDIO CASSETTES | ||
| 942 | _n0 | ||
| 948 | _c04/03/1997 | ||
| 999 |
_c85283 _d85283 |
||